000 00645nam a2200229Ia 4500
003 OSt
005 20220926004254.0
006 a|||||r|||| 00| 0
007 ta
008 220923b |||||||| |||| 00| 0 eng d
037 _cGeneral Book
040 _aRTL
_cRTL
_beng
041 _2eng
_aeng
082 _aV2,32p,N67, K8.20
110 _aINDIA,RAJYA SABHA
_9263636
245 0 _aParliamentary debates
_bofficial report
260 _a New Delhi
_bRajya Sabha
_c1967
300 _a4166p-6310p
_ccm.
700 _aINDIA,RAJYA SABHA
_9263637
942 _hV2,32p,N67, K8.20
_cGB
_2CC
999 _c610490
_d610490